[Event "CFriend CP-2005-P-00006"]
[Site "Chessfriend.com"]
[Date "2005.10.01"]
[Round "1"]
[White "Wurm, Tamas"]
[Black "Verma, Amod"]
[Result "1-0"]
[WhiteElo "1036"]
[BlackElo "1700"]
[PlyCount "71"]
[EventDate "2005.??.??"]
[EventType "tourn (corr)"]
[EventRounds "4"]
[SourceTitle "Corr 2008"]
[Source "ChessBase"]
[SourceDate "2008.06.24"]
[SourceVersion "1"]
[SourceVersionDate "2008.06.24"]
[SourceQuality "1"]

1. e4 e5 2. Nf3 Nf6 3. d4 exd4 4. e5 Qe7 5. Be2 Ng4 6. Qxd4 Qb4+ 7. c3 Qxd4 8. cxd4 d6 9. h3 Nh6 10. Nc3 Nc6 11. Nd5 Kd8 12. Bb5 Bd7 13. Bxh6 gxh6 14. Nf6 Be7 15. Nxd7 Kxd7 16. d5 Rab8 17. dxc6+ bxc6 18. Bc4 d5 19. Bb3 Bb4+ 20. Ke2 Rhe8 21. Kd3 Rbd8 22. Rac1 Rb8 23. Ba4 Rb6 24. Nd4 Rxe5 25. Nxc6 Rxc6 26. Bxc6+ Kd8 27. a3 Ba5 28. Rc5 Bb6 29. Rxd5+ Rxd5+ 30. Bxd5 Ke7 31. f3 Bf2 32. Be4 h5 33. Bxh7 h4 34. Rc1 Kd6 35. Rc4 Bg3 36. Ke3 1-0

[Event "IECG CC.2005.0.00122 email"]
[Site "IECG email"]
[Date "2005.09.21"]
[Round "?"]
[White "Verma, Amod"]
[Black "Baars, Jan"]
[Result "0-1"]
[WhiteElo "1700"]
[BlackElo "1700"]
[PlyCount "24"]
[EventDate "2005.09.21"]
[EventType "tourn (corr)"]
[EventRounds "6"]
[SourceTitle "Corr 2024"]
[Source "ChessBase"]
[SourceDate "2023.10.19"]
[SourceVersion "1"]
[SourceVersionDate "2023.10.19"]
[SourceQuality "1"]

1. Nf3 Nf6 2. d4 d5 3. c4 c6 4. Nc3 e6 5. e3 Nbd7 6. Qc2 Bd6 7. Bd3 dxc4 8. Bxc4 0-0 9. 0-0 e5 10. dxe5 Nxe5 11. Nxe5 Bxe5 12. b4 Qe7 0-1